| 000 | 00418nam a22001697a 4500 | ||
|---|---|---|---|
| 003 | CEME | ||
| 005 | 20210628210218.0 | ||
| 008 | 210201b xxu||||| |||| 00| 0 eng d | ||
| 040 | _c. | ||
| 082 | _a891.4393 NAS | ||
| 100 |
_aNasim Hijazi _91042 |
||
| 245 | _aKhaak aur khoon | ||
| 260 |
_aLAHORE _bJEHNGIR BOOK DEPO _c2002 |
||
| 300 | _a640P | ||
| 650 |
_aURDU ADAB-NOVEL-KHAAK AUR KHOON _978558 |
||
| 942 |
_cBK _2ddc |
||
| 999 |
_c583664 _d583664 |
||